The most neglected chapter in the Bible (Romans 9) / (Record no. 1692)

MARC details
000 -LEADER
fixed length control field 00728nam a2200241Ia 4500
001 - CONTROL NUMBER
control field 18297
003 - CONTROL NUMBER IDENTIFIER
control field GBCCL
005 - DATE AND TIME OF LATEST TRANSACTION
control field 20241126110407.0
008 - FIXED-LENGTH DATA ELEMENTS--GENERAL INFORMATION
fixed length control field 910110s1990 txu 001 0 eng d
035 ## - SYSTEM CONTROL NUMBER
System control number (OCoLC)22942612
040 ## - CATALOGING SOURCE
Original cataloging agency PGC
Transcribing agency PGC
Modifying agency LBB
049 ## -
-- LBBK
082 ## - DEWEY DECIMAL CLASSIFICATION NUMBER
Classification number 227.106
Item number BES
090 ## - LOCALLY ASSIGNED LC-TYPE CALL NUMBER (OCLC); LOCAL CALL NUMBER (RLIN)
Classification number (OCLC) (R) ; Classification number, CALL (RLIN) (NR) BS2665.2
Local cutter number (OCLC) ; Book number/undivided call number, CALL (RLIN) .B47 1990
092 0# - LOCALLY ASSIGNED DEWEY CALL NUMBER (OCLC)
Classification number 227.106
Item number B561m, 1990
Edition number 20
100 1# - MAIN ENTRY--PERSONAL NAME
Personal name Best, W. E.
9 (RLIN) 453
245 14 - TITLE STATEMENT
Title The most neglected chapter in the Bible (Romans 9) /
Statement of responsibility, etc. by W.E. Best.
260 ## - PUBLICATION, DISTRIBUTION, ETC.
Place of publication, distribution, etc. Houston, Tex. :
Name of publisher, distributor, etc. South Belt Assembly of Christ,
Date of publication, distribution, etc. [1990?]
300 ## - PHYSICAL DESCRIPTION
Extent 226 p. ;
Dimensions 22 cm.
500 ## - GENERAL NOTE
General note Includes scripture index.
630 00 - SUBJECT ADDED ENTRY--UNIFORM TITLE
Uniform title Bible.
Name of part/section of a work N.T.
-- Romans IX
General subdivision Criticism, interpretation, etc.
9 (RLIN) 3476
942 ## - ADDED ENTRY ELEMENTS (KOHA)
Source of classification or shelving scheme Dewey Decimal Classification
Koha item type Books
Holdings
Withdrawn status Lost status Source of classification or shelving scheme Damaged status Not for loan Home library Current Library Shelving location Date acquired Total checkouts Full call number Barcode Date last seen Date last checked out Copy number Price effective from Koha item type
    Dewey Decimal Classification     GRACE BIBLE COLLEGE GRACE BIBLE COLLEGE Biblical Studies 2017-05-15 1 227.106 BES 003031 2025-05-01 2017-08-03 c.1 2017-05-15 Books
    Dewey Decimal Classification     GRACE BIBLE COLLEGE GRACE BIBLE COLLEGE Biblical Studies 2017-05-15   227.106 BES 003032 2025-05-01   c.2 2017-05-15 Books
    Dewey Decimal Classification     GRACE BIBLE COLLEGE GRACE BIBLE COLLEGE Biblical Studies 2017-05-15   227.106 BES 006248 2025-05-01   c.3 2017-05-15 Books
    Dewey Decimal Classification     GRACE BIBLE COLLEGE GRACE BIBLE COLLEGE Biblical Studies 2017-05-15   227.106 BES 006362 2025-05-01   c.4 2017-05-15 Books
© Grace Bible College Library 2025